000 00577nam a22001817a 4500
003 OSt
005 20260303001239.0
008 260202b |||||||| |||| 00| 0 eng d
020 _a978-971-0328-27-7
040 _aDWCL-Main Lib
_cOC
082 _aGR. 423.9921 N532 2010
110 _aCHILDREN'S PRESS
_eCorporate Author
245 _a The new comprehensive English Filipino dictionary : built in thesaurus
260 _a[s.l.] :
_b Childrens Press Publication,
_cc2010
300 _axii, 59 p.
_c27 cm.
650 _aDictionary – English-Filipino
942 _2ddc
_cGR
_mGR.
_n0
999 _c8130
_d8130